Statistics for Things beginning with B

Click here to take the quiz!

General Stats

  • This quiz has been taken 70 times
    (47 since last reset)
  • The average score is 12 of 15

Answer Stats

Answer% Correct
baby
97%
bacon
97%
balloon
95%
bathtub
95%
button
95%
baked beans
92%
barbie
92%
basket
92%
bubble
89%
burger
89%
Brazilian flag
81%
biology
65%
Brad Pitt
65%
basil
62%
Branch
35%

Score Distribution

Percentile by Number Answered

Percent of People with Each Score

Your Score History

You have not taken this quiz since the last reset